| 000 | 00719cam a22002413a 4500 | ||
|---|---|---|---|
| 001 | 9405 | ||
| 003 | PGUSA | ||
| 005 | 20140828083211.0 | ||
| 008 | 051201s2005||||xxu|||||s|||||000 | eng d | ||
| 040 |
_aPGUSA _beng |
||
| 042 | _adc | ||
| 050 | 4 | _aPR | |
| 100 | 1 |
_aEdwards, George Wharton, _d1859-1950 |
|
| 245 | 1 | 4 |
_aThe Book of Old English Ballads _h[electronic resource] / _cGeorge Wharton Edwards |
| 260 |
_bProject Gutenberg, _c2005 |
||
| 506 | _aPublic domain in the USA. | ||
| 516 | _aElectronic text | ||
| 653 | _aBallads, English -- England -- Texts | ||
| 700 | 1 |
_aMabie, Hamilton Wright, _d1846-1916 |
|
| 830 | 0 |
_aProject Gutenberg _v9405 |
|
| 856 | 4 | 0 | _uhttp://www.gutenberg.org/ebooks/9405 |
| 942 | _cEB | ||
| 999 |
_c238661 _d238661 |
||